| 000 | 00449cam a2200181ua 4500 | ||
|---|---|---|---|
| 020 | _a0 8039 4257 5 | ||
| 041 |
_aeng _h |
||
| 082 |
_a300.1 _bGIR/AN |
||
| 100 | _aGirden, Ellen R . | ||
| 245 |
_aAnova: repeated measures / _cEllen R Girden. _hTextual Documents |
||
| 250 |
_a1 / _b. |
||
| 260 |
_aNew Delhi : _bSage Publications , _c1992. |
||
| 300 | _a77 ; . | ||
| 500 | _a**Reference | ||
| 504 | _a | ||
| 942 | _cBK | ||
| 999 |
_c8131 _d8131 |
||